000 00297nam a2200097Ia 4500
005 20250424112859.0
008 250424s9999 xx 000 0 und d
300 _a104 p. : ill. ; 29 cm.
650 _aArchitecture--Nigeria--Periodicals. Architecture--Developing countries--Periodicals.
942 _cSR
999 _c37673
_d37673